000 00349nam a2200133Ia 4500
008 240624s9999 xx 000 0 und d
041 _aeng
082 _a658.4012 CHA
100 _aCHAUDHARI SUMIT
245 _aCASE STUDIES ON COMPETITIVE STRATEGIES I
260 _c2006
_aHyderabad
_bICFAI University
300 _a208 : p. : cm. ; 24
365 _cRS
999 _c5968
_d5968